Central Library OPAC University of Rajshahi

Microwave Magentrons / (Record no. 13525)

MARC details
000 -LEADER
fixed length control field 00617nam a22002177a 4500
001 - CONTROL NUMBER
control field 13525
003 - CONTROL NUMBER IDENTIFIER
rucl marc code BD-RjUL
005 - DATE AND TIME OF LATEST TRANSACTION
control field 20211208235452.0
008 - FIXED-LENGTH DATA ELEMENTS--GENERAL INFORMATION
fixed length control field 140201s1948 n abd|| |||| 001 0 eng d
035 ## - SYSTEM CONTROL NUMBER
System control number (BD-RjUL)13576
040 ## - CATALOGING SOURCE
Original cataloging agency BD-RjUL
Language of cataloging eng
Transcribing agency BD-RjUL
041 ## - LANGUAGE CODE
Language code of text/sound track or separate title eng
082 04 - DEWEY DECIMAL CLASSIFICATION NUMBER
Classification number 621.38151
Author mark and year MIC 1948
245 0# - TITLE STATEMENT
Title Microwave Magentrons /
Statement of responsibility, etc. Ed by George b. Collins
260 ## - PUBLICATION, DISTRIBUTION, ETC. (IMPRINT)
Place of publication, distribution, etc. New York :
Name of publisher, distributor, etc. McGraw-Hill Book Company,
Date of publication, distribution, etc. 1948
300 ## - PHYSICAL DESCRIPTION
Pagination ix,806p. :
Illustrations ill. ;
Size 23cm.
504 ## - BIBLIOGRAPHY, ETC. NOTE
Bibliography, etc Includes Index
650 07 - SUBJECT ADDED ENTRY--TOPICAL TERM
Source of heading or term SLSH
Topical term or geographic name as entry element Microwave Magentrons /
9 (RLIN) 42217
700 1# - ADDED ENTRY--PERSONAL NAME
Personal name Collins,George b. ed
942 ## - ADDED ENTRY ELEMENTS (KOHA)
Source of classification or shelving scheme Dewey Decimal Classification
Koha item type Books
Holdings
Lost status Source of classification or shelving scheme Damaged status Not for loan Collection code Permanent Location Current Location Shelving location Date acquired Source of acquisition Cost, normal purchase price Total Checkouts Full call number Date last seen Copy number Koha item type
  Dewey Decimal Classification     Non-fiction Central Library, University of Rajshahi Central Library, University of Rajshahi   07/05/1964 Zeithlinger. 104.00   621.38151 MIC 1948 01/02/2014 C-2 Books